Name the Roller Coaster By details - Statistics

General Stats
  • This quiz has been taken 23 times
  • The average score is 40 of 100
Answer Stats
Hint Answer % Correct
2018, Cedar Point Steel Vengeance
81%
2019, Energylandia Zadra
71%
2015, Carowinds Fury 325
67%
2002, Walibi Highland | 2006, SF Over Georgia | 2014, SF Great America Goliath
67%
2014, Liseberg Helix
67%
2016, Phantasialand Taron
67%
2002, SF Magic Mountain X2
67%
2010, Kings Dominion Intimidator 305
62%
2016, DollyWood Lightning Rod
62%
2016, SeaWorld Orlando Mako
62%
2007, Cedar Point Maverick
62%
2000, Cedar Point Millennium Force
62%
2013, Silver Dollar City Outlaw Run
62%
2012, Hershey Park Skyrush
62%
2013, Alton Towers The Smiler
62%
2006, Holiday World The Voyage
57%
2003, Cedar Point Top Thrill Dragster
57%
2015, SF Magic Mountain Twisted Colossus
57%
2018, Kings Dominion Twisted Timbers
57%
2006, SF Great Adventure El Toro
52%
2010, Ferrari World UAE Formula Rossa
52%
1998, Knotts Berry Farm GhostRider
52%
2012, Canada's Wonderland Leviathan
52%
1989, Cedar Point Magnum XL-200
52%
2018, California's Great America Railblazer
52%
2016, Kentucky Kingdom Storm Chaser
52%
2021, Universal's Island of Adventure VelociCoaster
52%
2015, SF New England Wicked Cyclone
52%
2009, Europa-Park Blue Fire
48%
2016, SF Discovery Kingdom Joker
48%
2009, SeaWorld Orlando Manta
48%
1996, Busch Gardens Tampa Montu
48%
1985, Knoebels Phoenix
48%
2002, Europa-Park Silver Star
48%
2019, Kennywood Steel Curtain
48%
1994, BlackPool Pleasure Beach The Big One
48%
2023, Hersheypark Wildcats Revenge
48%
2015, Lagoon Cannibal
43%
2006, Juji-Q Highland Eejanaika
43%
2018, Blackpool Pleasure Beach Icon
43%
2022, Busch Gardens Tampa Iron Gwazi
43%
2013, SF Fiesta Texas Iron Rattler
43%
1993, Busch Gardens Tampa Kumba
43%
2022, Busch Gardens WIlliamsburg Pantheon
43%
2012, PortAventura Park Shambhala
43%
2004, Hershey Park Storm Runner
43%
2000, SF New England Superman The Ride
43%
2006, SF Magic Mountain Tatsu
43%
1979, Kings Island The Beast
43%
2002, Knotts Berry Farm Xcelerator
43%
2008, Canada's Wonderland Behemoth
38%
2000, Lake Compounce Boulder Dash
38%
2009, Kings Island Diamondback
38%
2013, Mount Olympus Hades 360
38%
2000, Sea World Orlando Kraken
38%
2017, Kings Island Mystic Timbers
38%
2001, SF Great Adventure Nitro
38%
2005, Busch Gardens Tampa SheiKra
38%
2000, Nagashima Spa land Steel Dragon 2000
38%
2018, SF Over Georgia Twisted Cyclone
38%
2016, Kolmarden Wildfire
38%
2016, Ferrari World UAE Flying Aces
33%
2018, Knott's Berry Farm Hangtime
33%
2018, Energylandia Hyperion
33%
2011, Gardaland Raptor
33%
1975, Magic Kingdom Space Mountain
33%
2006, Phantasialand Black Mamba
29%
2011, Busch Gardens Tampa Cheetah Hunt
29%
1993, California's Great America Flight Deck
29%
2013, SF Magic Mountain Full Throttle
29%
2007, PortAdventura Park Furius Baco
29%
2009, Mirabiliandia iSpeed
29%
2015, Hansa-Park Karnan
29%
2017, Lengendia Lech Coaster
29%
2014, Kentucky Kingdom Lightning Run
29%
2017, Port Adventura World Red Force
29%
2003, Liseberg Balder
24%
2001, Holiday Park Expedition GeForce
24%
2012, Parc Asterix Oziris
24%
2007, Toverland Troy
24%
2012, Europa-Park Woden Timbur Coaster
24%
1979, Magic Kingdom Big Thunder Mountain
19%
2001, Heide Park Colossos
19%
2000, Mirabilandia Katun
19%
1994, Alton Towers Nemisis
19%
2008, Waldameer Park Ravine Flyer 2
19%
2003, SF Magic Mountain Scream!
19%
2008, Everland T Express
19%
2013, California's Great America Gold Rusher
14%
2010, Efteling Joris En De Draak
14%
1999, Universals Islands Of Adventure The incredible Hulk Coaster
14%
2007, Kemah Boardwalk Boardwalk Bullet
10%
1924, Santa Cruz Beach Boardwalk Giant Dipper
10%
1997, SF Magic Mountain Superman Escape From Krypton
10%
2004, Dollywood Thunderhead
10%
1927, Luna Park Clyclone
0%
2002, La Ronde Le Vampire
0%
2016, SF Magic Mountain Riddler Revenge
0%
No matching quizzes found
Score Distribution
Percent of People with Each Score
Percentile by Number Answered
Your Score History
You have not taken this quiz